| 000 | 01265nam a22003257a 4500 | ||
|---|---|---|---|
| 001 | 03591 | ||
| 003 | HDC | ||
| 007 | cr bn ---aaaaa | ||
| 008 | 210111t2016 flu||||| |||| 00| 0 eng | ||
| 020 | _a1-56670-563-0 | ||
| 040 | _aHDC | ||
| 100 |
_aTimlin, Dennis J. _eauthor _919262 |
||
| 245 | 0 |
_aAgricultural System Models In Field Research And Technology Transfer. Chapter 4 : _bExperience with On-Farm Applications of GLYCIM / GUICS / by _cDennis J. Timlin, Yakov Pachepsky, Frank D. Whisler, and Vangimalla R. Reddy |
|
| 260 |
_a Boca Raton, Florida: _bCRC Press, _c2016 |
||
| 300 | _a15 pages | ||
| 336 |
_atext _2rdacontent |
||
| 337 |
_acomputer _2rdamedia |
||
| 338 |
_aonline resource _2rdacarrier |
||
| 500 | _aIncludes bibliographical references | ||
| 650 |
_aAgricultural producers _93130 |
||
| 650 |
_aAgricultural System _93107 |
||
| 650 |
_aOn-farm testing _93131 |
||
| 700 |
_aPachepsky, Yakov _eauthor _93132 |
||
| 700 |
_aReddy, Vamgimalla R. _93134 _eauthor |
||
| 700 |
_aWhisler, Frank D. _93133 _eauthor |
||
| 856 | _zRequest full-text at [email protected] | ||
| 942 | _2lcc | ||
| 942 | _cCHAP | ||
| 942 | _kEBCH 001623 | ||
| 999 |
_c927 _d927 |
||